[Event "22nd OIBM 2018"]
[Site "Gmund am Tegernsee"]
[Date "2018.10.27"]
[Round "1"]
[White "Colpe, Malte"]
[Black "Sarvadh Sathiaram"]
[Result "1-0"]
[WhiteElo "2379"]
[BlackElo "2089"]
[Annotator "NA"]
[PlyCount "59"]
[EventDate "2018.10.27"]
[EventType "swiss"]
[EventCountry "GER"]
[SourceTitle "playchess.com"]
[Source "ChessBase"]
[SourceQuality "1"]
[TimeControl "40/5400+30:1800+30"]

1. d4 {[%emt 0:00:00]} Nf6 {[%emt 0:00:00]} 2. Nf3 {[%emt 0:00:00]} g6 {[%emt 0:00:01]} 3. Bg5 {[%emt 0:01:00]} Ne4 {[%emt 0:01:32]} 4. Bh4 {[%emt 0:00:26]} Bg7 {[%emt 0:00:22]} 5. Nbd2 {[%emt 0:01:53]} Nxd2 {[%emt 0:00:13]} 6. Qxd2 {[%emt 0:00:09]} d5 {[%emt 0:00:18]} 7. e3 {[%emt 0:03:48]} b6 {[%emt 0:04:41]} 8. Bb5+ {[%emt 0:04:33]} Bd7 {[%emt 0:01:26]} 9. a4 {[%emt 0:02:13]} a6 {[%emt 0:02:10]} 10. Bd3 {[%emt 0:04:01]} c5 {[%emt 0:01:58]} 11. c3 {[%emt 0:11:26]} Bc6 {[%emt 0:11:11]} 12. O-O {[%emt 0:04:21]} O-O {[%emt 0:04:22]} 13. Qe2 {[%emt 0:09:44]} Qd7 {[%emt 0:08:55]} 14. e4 {[%emt 0:09:21]} e6 {[%emt 0:01:38]} 15. Rfe1 {[%emt 0:13:39]} Bxa4 {[%emt 0:16:44]} 16. exd5 {[%emt 0:00:37]} exd5 {[%emt 0:01:14]} 17. Ne5 {[%emt 0:02:08]} Bxe5 {[%emt 0:05:57]} 18. dxe5 {[%emt 0:01:35]} c4 {[%emt 0:02:02]} 19. Qe3 {[%emt 0:08:18]} Qc6 {[%emt 0:07:40]} 20. Bf5 {[%emt 0:04:52]} Re8 {[%emt 0:10:43]} 21. Qh6 {[%emt 0:02:27]} f6 {[%emt 0:04:43]} 22. exf6 {[%emt 0:05:05]} Ra7 {[%emt 0:02:13]} 23. Bxg6 {[%emt 0:05:12]} hxg6 {[%emt 0:04:02]} 24. Qxg6+ {[%emt 0:00:11]} Kh8 {[%emt 0:00:58]} 25. Rxe8+ {[%emt 0:03:41]} Qxe8 {[%emt 0:00:09]} 26. f7 {[%emt 0:00:50]} Rxf7 {[%emt 0:00:56]} 27. Bf6+ {[%emt 0:00:00]} Rxf6 {[%emt 0:00:05]} 28. Qxf6+ {[%emt 0:00:00]} Kg8 {[%emt 0:00:14]} 29. Qg5+ {[%emt 0:00:00]} Kf8 {[%emt 0:00:49]} 30. Qxd5 {[%emt 0:00:45]} 1-0

[Event "22nd OIBM 2018"]
[Site "Gmund am Tegernsee"]
[Date "2018.10.27"]
[Round "1"]
[White "Pirrot, Dieter"]
[Black "Hallmann, Norbert"]
[Result "1-0"]
[WhiteElo "2373"]
[BlackElo "2088"]
[Annotator "NA"]
[PlyCount "65"]
[EventDate "2018.10.27"]
[EventType "swiss"]
[EventCountry "GER"]
[SourceTitle "playchess.com"]
[Source "ChessBase"]
[SourceQuality "1"]
[TimeControl "40/5400+30:1800+30"]

1. e4 {[%emt 0:00:00]} e6 {[%emt 0:00:15]} 2. d4 {[%emt 0:00:00]} d5 {[%emt 0:00:10]} 3. e5 {[%emt 0:00:00]} c5 {[%emt 0:00:26]} 4. c3 {[%emt 0:00:00]} Nc6 {[%emt 0:00:36]} 5. Nf3 {[%emt 0:00:19]} Qb6 {[%emt 0:03:09]} 6. Bd3 {[%emt 0:01:04]} Bd7 {[%emt 0:01:13]} 7. O-O {[%emt 0:04:42]} O-O-O {[%emt 0:05:53]} 8. dxc5 {[%emt 0:01:19]} Bxc5 {[%emt 0:00:51]} 9. b4 {[%emt 0:03:12]} Be7 {[%emt 0:02:17]} 10. Be3 {[%emt 0:18:09]} Qc7 {[%emt 0:00:22]} 11. Na3 {[%emt 0:01:25]} f6 {[%emt 0:11:56]} 12. Nb5 {[%emt 0:15:38]} Qb8 {[%emt 0:00:23]} 13. Nd6+ {[%emt 0:03:18]} Bxd6 {[%emt 0:01:15]} 14. exd6 {[%emt 0:00:08]} Qxd6 {[%emt 0:10:26]} 15. b5 {[%emt 0:01:46]} Na5 {[%emt 0:01:55]} 16. Qa4 {[%emt 0:02:07]} b6 {[%emt 0:02:58]} 17. c4 {[%emt 0:04:33]} dxc4 {[%emt 0:06:47]} 18. Bxc4 {[%emt 0:01:10]} Kb8 {[%emt 0:05:28]} 19. Rfd1 {[%emt 0:04:38]} Qe7 {[%emt 0:01:28]} 20. Re1 {[%emt 0:05:45]} g5 {[%emt 0:12:07]} 21. Nd4 {[%emt 0:07:09]} Nxc4 {[%emt 0:06:00]} 22. Qxc4 {[%emt 0:00:14]} e5 {[%emt 0:01:41]} 23. Nc6+ {[%emt 0:06:58]} Bxc6 {[%emt 0:00:15]} 24. bxc6 {[%emt 0:00:20]} Qc7 {[%emt 0:06:46]} 25. a4 {[%emt 0:03:45]} Rd6 {[%emt 0:04:54]} 26. a5 {[%emt 0:01:34]} Rxc6 {[%emt 0:02:36]} 27. Qb3 {[%emt 0:03:21]} b5 {[%emt 0:06:58]} 28. Qxb5+ {[%emt 0:01:26]} Ka8 {[%emt 0:00:36]} 29. a6 {[%emt 0:03:48]} Ne7 {[%emt 0:02:14]} 30. Qb7+ {[%emt 0:03:38]} Qxb7 {[%emt 0:00:11]} 31. axb7+ {[%emt 0:00:07]} Kb8 {[%emt 0:00:56]} 32. Rxa7 {[%emt 0:00:09]} Kc7 {[%emt 0:02:20]} 33. b8=Q+ {[%emt 0:00:57]} 1-0

[Event "22nd OIBM 2018"]
[Site "Gmund am Tegernsee"]
[Date "2018.10.27"]
[Round "1"]
[White "Slugin, Sergey"]
[Black "Gschwendtner, Klaus"]
[Result "1/2-1/2"]
[WhiteElo "2362"]
[BlackElo "2086"]
[Annotator "NA"]
[PlyCount "94"]
[EventDate "2018.10.27"]
[EventType "swiss"]
[EventCountry "GER"]
[SourceTitle "playchess.com"]
[Source "ChessBase"]
[SourceQuality "1"]
[TimeControl "40/5400+30:1800+30"]

1. d4 {[%emt 0:00:00]} Nf6 {[%emt 0:00:00]} 2. c4 {[%emt 0:00:00]} e6 {[%emt 0:00:09]} 3. g3 {[%emt 0:00:04]} c5 {[%emt 0:00:50]} 4. d5 {[%emt 0:00:12]} exd5 {[%emt 0:00:27]} 5. cxd5 {[%emt 0:00:07]} d6 {[%emt 0:00:22]} 6. Nc3 {[%emt 0:00:53]} g6 {[%emt 0:00:36]} 7. Nf3 {[%emt 0:00:18]} Bg7 {[%emt 0:00:27]} 8. Bg2 {[%emt 0:00:08]} O-O {[%emt 0:00:12]} 9. O-O {[%emt 0:00:06]} a6 {[%emt 0:03:18]} 10. a4 {[%emt 0:00:26]} Nbd7 {[%emt 0:01:21]} 11. Re1 {[%emt 0:01:42]} Re8 {[%emt 0:02:08]} 12. Nd2 {[%emt 0:00:56]} Rb8 {[%emt 0:06:55]} 13. Nc4 {[%emt 0:06:59]} Ne5 {[%emt 0:00:31]} 14. Na3 {[%emt 0:00:58]} Nh5 {[%emt 0:05:59]} 15. h3 {[%emt 0:01:52]} Bd7 {[%emt 0:12:55]} 16. f4 {[%emt 0:06:31]} b5 {[%emt 0:03:12]} 17. axb5 {[%emt 0:05:10]} axb5 {[%emt 0:00:03]} 18. fxe5 {[%emt 0:28:50]} b4 {[%emt 0:03:43]} 19. g4 {[%emt 0:02:57]} bxc3 {[%emt 0:01:12]} 20. bxc3 {[%emt 0:00:49]} Bxe5 {[%emt 0:07:54]} 21. gxh5 {[%emt 0:00:59]} Qh4 {[%emt 0:00:23]} 22. e4 {[%emt 0:17:25]} Bxh3 {[%emt 0:02:36]} 23. Bxh3 {[%emt 0:03:19]} Qxh3 {[%emt 0:00:27]} 24. Ra2 {[%emt 0:00:57]} Bxc3 {[%emt 0:02:03]} 25. Re3 {[%emt 0:03:53]} Bd4 {[%emt 0:03:26]} 26. Qxd4 {[%emt 0:00:30]} Qg4+ {[%emt 0:00:03]} 27. Rg2 {[%emt 0:00:08]} cxd4 {[%emt 0:02:03]} 28. Rxg4 {[%emt 0:00:08]} dxe3 {[%emt 0:00:06]} 29. Bxe3 {[%emt 0:00:37]} Rb4 {[%emt 0:20:32]} 30. hxg6 {[%emt 0:04:23]} hxg6 {[%emt 0:00:02]} 31. Kf2 {[%emt 0:00:40]} Rbxe4 {[%emt 0:00:26]} 32. Rxe4 {[%emt 0:01:23]} Rxe4 {[%emt 0:00:01]} 33. Nb5 {[%emt 0:00:20]} Re5 {[%emt 0:03:27]} 34. Nc3 {[%emt 0:00:17]} Rf5+ {[%emt 0:02:06]} 35. Ke2 {[%emt 0:01:03]} Kf8 {[%emt 0:00:42]} 36. Kd3 {[%emt 0:00:10]} Ke7 {[%emt 0:00:11]} 37. Ke4 {[%emt 0:00:15]} Re5+ {[%emt 0:00:28]} 38. Kd4 {[%emt 0:00:11]} Rh5 {[%emt 0:01:37]} 39. Ne4 {[%emt 0:05:41]} f5 {[%emt 0:01:33]} 40. Bg5+ {[%emt 0:00:36]} Kf8 {[%emt 0:01:07]} 41. Nf6 {[%emt 0:30:09]} Rh1 42. Nd7+ Kf7 {[%emt 0:33:12]} 43. Nb6 {[%emt 0:01:08]} Rd1+ {[%emt 0:01:45]} 44. Ke3 {[%emt 0:00:59]} Re1+ {[%emt 0:02:43]} 45. Kd3 {[%emt 0:01:44]} Rd1+ {[%emt 0:00:52]} 46. Ke3 {[%emt 0:00:05]} Re1+ {[%emt 0:00:11]} 47. Kd3 {[%emt 0:00:04]} Rd1+ {[%emt 0:00:17]} 1/2-1/2

[Event "22nd OIBM 2018"]
[Site "Gmund am Tegernsee"]
[Date "2018.10.27"]
[Round "1"]
[White "Zude, Arno"]
[Black "Walter, Thomas"]
[Result "1-0"]
[WhiteElo "2349"]
[BlackElo "2084"]
[Annotator "TA"]
[PlyCount "81"]
[EventDate "2018.10.27"]
[EventType "swiss"]
[EventCountry "GER"]
[SourceTitle "playchess.com"]
[Source "ChessBase"]
[SourceQuality "1"]

{[%evp 16,81,38,31,58,34,24,32,46,44,58,41,86,79,77,38,38,45,53,53,50,52,52,45,56,51,67,18,59,23,52,34,204,202,222,0,128,120,209,156,158,162,256,244,242,203,212,172,204,201,393,362,507,507,507,497,479,403,527,509,502,430,29985,29986,29986,29987,29991,29992]} 1. e4 c5 2. Nf3 g6 3. d4 cxd4 4. Nxd4 Bg7 5. c4 Nc6 6. Be3 d6 7. Nc3 {[%cal Bb1c3,Bc3a4,Ba4b6][%mdl 32]} Nf6 8. f3 O-O 9. Qd2 {LiveBook: 250 Games} a5 {B38: Sicilian: Maroczy Bind with 5...Bg7 and 7...0-0} (9... Bd7 10. Be2 Nxd4 11. Bxd4 a5 12. b3 Bc6 13. O-O Nd7 14. Be3 Nc5 15. Rab1 e6 16. a3 Be5 17. b4 axb4 18. axb4 Ra3 19. bxc5 Rxc3 20. f4 Bg7 21. e5 dxe5 22. Qxc3 exf4 23. Qd2 Qg5 {0-1 (43) Bu,X (2730)-Savchenko,B (2566) Riadh 2017}) 10. Na4 $146 ({Predecessor:} 10. b3 Bd7 11. Be2 Nxd4 12. Bxd4 Bc6 13. O-O Nd7 14. Bxg7 Kxg7 15. Nd5 Bxd5 16. exd5 Qb6+ 17. Kh1 Qb4 18. Qd4+ Kg8 19. Bd1 Rfe8 20. f4 Qc5 21. Qd3 Qa3 22. Qd2 Qb4 {1-0 (32) Dahl,T (2196)-Deac,B (2455) Porec 2015}) 10... Nxd4 11. Bxd4 Be6 {White is slightly better.} 12. Nb6 Ra6 13. c5 dxc5 14. Bxc5 Qc7 15. Qf2 (15. Qe3 {with more complications.} Bh6 16. Qf2 Ra7 17. Be2 a4 18. Nd5) 15... Nxe4 16. fxe4 Rxb6 $1 17. Bxb6 Bc3+ $1 18. bxc3 Qxc3+ 19. Qd2 Qxa1+ 20. Kf2 Rc8 21. h3 (21. Bd4 $5 {[%cal Rd4a1]} Qb1 22. Qd3 (22. Qxa5 Qxe4 23. Qe5 Rc2+ 24. Kg1 Qxe5 $11) 22... Bxa2 23. Qxb1 Bxb1 24. e5 $14) 21... Qb1 22. Qd4 (22. Bxa5 Rc2 $11) 22... a4 23. Rg1 a3 $2 (23... Qc1 $14 24. Kf3 Bxa2) 24. Be2 $1 $18 Qxa2 {[#] Threatens to win with ...Bc4.} 25. Bc5 $2 (25. Rc1 $1 $18 {[%cal Rc1c8][%mdl 512] Intending Rxc8+ and mate.} Ra8 (25... Rxc1 26. Qd8+) 26. Bc5) 25... Qb3 (25... Rxc5 $11 26. Qxc5 Qb2) 26. Bxe7 $16 {aiming for Rc1!} a2 (26... h5 $16) 27. Bf6 Qa3 28. Rd1 Qa5 (28... h5 $142 29. Qb6 Kh7) 29. Bg4 $18 ({Don't do} 29. Bh8 f6 $18) 29... Bxg4 30. hxg4 $40 {[%mdl 128] White wants a kill.} b5 31. Qd5 Qb6+ 32. Bd4 Qb8 $2 (32... Qe6 {was called for.}) 33. Kg1 ({Weaker is} 33. Qxa2 Qf4+ 34. Kg1 Qxe4 $16) 33... b4 (33... Rd8 $142 34. Qxa2 Qc8) 34. Rf1 {[%csl Gf1][%cal Rd5f7]} Qc7 {Hoping for ...Rd8.} 35. Qxa2 Qd7 36. Qd5 Qe7 37. Bf6 Qa7+ 38. Kh1 Qe3 (38... Qa6 $18 39. Kg1 Qc6) 39. Bd4 {[%csl Gf1][%cal Rd5f7] White mates.} Qh6+ 40. Kg1 {[%csl Gf1][%cal Rd5f7]} Qf8 41. Qe5 {Precision: White = 75%, Black = 30%.} 1-0

[Event "22nd OIBM 2018"]
[Site "Gmund am Tegernsee"]
[Date "2018.10.27"]
[Round "1"]
[White "Hacker, Jonas"]
[Black "Konik, Michael"]
[Result "*"]
[WhiteElo "2345"]
[BlackElo "2083"]
[Annotator "TA"]
[PlyCount "52"]
[EventDate "2018.10.27"]
[EventType "swiss"]
[EventCountry "GER"]
[SourceTitle "playchess.com"]
[Source "ChessBase"]
[SourceQuality "1"]

{[%evp 26,52,20,24,30,12,76,70,64,72,74,75,93,13,78,79,81,76,89,81,77,62,121,115,126,116,146,150,150]} 1. e4 d5 2. exd5 Qxd5 3. Nc3 Qa5 4. d4 Nf6 5. Nf3 c6 6. Bc4 Bf5 7. Bd2 e6 8. Qe2 Bb4 9. O-O-O Nbd7 10. a3 Bxc3 11. Bxc3 Qc7 12. Ne5 Nxe5 13. dxe5 Nd5 14. Bd4 {LiveBook: 3 Games. B01: Scandinavian Defence} (14. Bd2 O-O-O 15. g4 Bg6 16. f4 h5 17. h3 Qb6 18. Rhf1 hxg4 19. hxg4 Qc5 20. Bb3 Rh3 21. Rf3 Rdh8 22. Rdf1 Rh2 {½-½ (43) Fernandez,D (2451)-Moiseev,V (2422) Dubna 2016}) 14... b6 15. f3 O-O $146 (15... h5 $11 {remains equal.}) ({Predecessor:} 15... O-O-O 16. Bf2 Rd7 17. g3 Rhd8 18. f4 h6 19. Bb3 Bg6 {0-1 (19) Hentze,M-Zink,J DESC email 2006}) 16. g4 $16 {White is better.} Bg6 17. h4 {[%cal Bh2h4,Bh4h5][%mdl 32] Strongly threatening h5.} h6 18. h5 Bh7 19. Bf2 (19. Rdg1 $16) 19... b5 {[#]} (19... Rfd8 $11) 20. Bb3 $1 a5 21. Bc5 $36 {[%mdl 2048] Black is under strong pressure.} Rfc8 22. Rd2 a4 23. Ba2 b4 (23... Kh8 $14) 24. Bxd5 $1 ({Reject} 24. axb4 $6 a3 $11) 24... exd5 25. axb4 a3 {[#] Threatens to win with ...a2.} 26. b3 $1 Re8 {Precision: White = 78%, Black = 50%.} *

[Event "22nd OIBM 2018"]
[Site "Gmund am Tegernsee"]
[Date "2018.10.27"]
[Round "1"]
[White "Fischer, Daniel"]
[Black "Brychcy, Felix"]
[Result "*"]
[WhiteElo "2336"]
[BlackElo "2081"]
[Annotator "TA"]
[PlyCount "37"]
[EventDate "2018.10.27"]
[EventType "swiss"]
[EventCountry "GER"]
[SourceTitle "playchess.com"]
[Source "ChessBase"]
[SourceQuality "1"]

{[%evp 25,37,-4,10,-275,-243,-266,-154,-169,-208,-212,-195,-189,-156,-156]} 1. e4 e5 2. Nf3 Nc6 3. Bc4 Bc5 4. c3 Nf6 5. d3 a6 6. Bb3 Ba7 7. O-O d6 8. Nbd2 {[%cal Bb1d2,Bd2f1,Bf1g3][%mdl 32]} O-O 9. Re1 Ng4 10. Re2 {C54: Italienische Partie (Hauptvariante)} Kh8 11. Nf1 (11. h3 f5 12. exf5 Nh6 13. g4 Nxf5 14. gxf5 Bxf5 15. Ne4 d5 16. Ng3 Bxh3 17. Bg5 Qd6 {½-½ (67) Socko,B (2600)-Banusz,T (2621) Katowice 2016}) 11... f5 12. exf5 Bxf5 13. Ng3 Bd7 {LiveBook: 5 Partien} 14. h3 $2 {[%mdl 8192] [#]} (14. Bg5 $11 {und Weiss muss sich keine Sorgen machen.} Bxf2+ 15. Rxf2 Nxf2 16. Qe2 Nh3+ 17. gxh3) 14... Rxf3 $1 $19 {[%mdl 512]} 15. gxf3 Qh4 ({Günstiger ist} 15... Nxf2 $19 16. Rxf2 Qh4) 16. d4 $17 {Schwarz steht deutlich besser.} Nf6 {[%cal Re5d4]} 17. Be3 $146 ({Vorgänger:} 17. Ne4 Nxe4 18. Rxe4 Qxh3 {1-0 (49) Mazi,L (2295)-Korneev,O (2490) Velden 1993}) 17... exd4 18. cxd4 Nxd4 19. Rd2 *

[Event "22nd OIBM 2018"]
[Site "Gmund am Tegernsee"]
[Date "2018.10.27"]
[Round "1"]
[White "Hess, Max"]
[Black "Popvasilev, Kaloyan"]
[Result "*"]
[WhiteElo "2326"]
[BlackElo "2080"]
[Annotator "TA"]
[PlyCount "27"]
[EventDate "2018.10.27"]
[EventType "swiss"]
[EventCountry "GER"]
[SourceTitle "playchess.com"]
[Source "ChessBase"]
[SourceQuality "1"]

{[%evp 12,27,16,-6,28,9,14,-58,50,63,87,30,33,-14,31,54,72,-31]} 1. c4 e6 2. Nf3 Nf6 3. e3 d5 4. b3 c6 5. Bb2 Bd6 6. Nc3 O-O 7. Qc2 {LiveBook: 172 Games. A11: English Opening: 1...c6} (7. d4 Nbd7 8. Be2 b6 9. O-O Bb7 10. h3 Qe7 11. Rc1 Rfe8 12. Qc2 Rac8 13. Rfd1 h6 14. Qb1 Bb4 15. Qa1 Bd6 16. Bd3 {1-0 (47) Andreikin,D (2712)-Jakovenko,D (2747) Satka 2018}) 7... Na6 8. a3 b6 $146 ({Predecessor:} 8... Bd7 9. d4 Re8 10. c5 Bc7 11. b4 e5 12. Nxe5 Bxe5 13. dxe5 Rxe5 14. Be2 Bf5 {1-0 (31) Hamdouchi,A (2217)-Thomas,A (1976) Saint Quentin 2016}) 9. g4 (9. d4 $11) 9... Re8 (9... Nxg4 $15 10. Rg1 f5) 10. g5 $14 Nd7 11. cxd5 (11. h4 $16) 11... exd5 $11 12. Nd4 c5 13. Nf5 (13. Ndb5 $5 {[%cal Rb5d6]} Bf8 14. Bg2 $14 (14. Nxd5 Ne5 $11)) 13... Ne5 {[#] Strongly threatening ...d4.} 14. O-O-O ({Much worse is} 14. Nxd5 $6 Nf3+ 15. Ke2 Be5 $15) (14. f4 $16 d4 15. Nxd6 (15. fxe5 Bxe5 16. Nb5 Qxg5 $17) 15... Nf3+ 16. Kf2 Qxd6 17. Kxf3) *

[Event "22nd OIBM 2018"]
[Site "Gmund am Tegernsee"]
[Date "2018.10.27"]
[Round "1"]
[White "Wacker, Peter"]
[Black "Mueller, Frank"]
[Result "*"]
[WhiteElo "2313"]
[BlackElo "2256"]
[Annotator "TA"]
[PlyCount "34"]
[EventDate "2018.10.27"]
[EventType "swiss"]
[EventCountry "GER"]
[SourceTitle "playchess.com"]
[Source "ChessBase"]
[SourceQuality "1"]

{[%evp 12,34,32,-9,18,15,15,0,10,11,20,0,18,-14,14,23,31,23,54,62,129,120,104,110,395]} 1. e4 c5 2. Nc3 a6 3. Nf3 b5 4. d4 cxd4 5. Nxd4 Bb7 6. Bd3 e6 7. Be3 {LiveBook: 36 Games. B43: Sicilian: Kan Variation: 5 Nc3} (7. O-O Nc6 8. Nxc6 Bxc6 9. Re1 Bd6 10. e5 Bc7 11. Qg4 Ne7 12. Bf4 Ng6 13. Bxg6 hxg6 14. Bg3 Qb8 15. Rad1 Rh5 16. Ne4 Qb7 {0-1 (34) Gabrielian,A (2499)-Dubov,D (2703) Sochi 2018}) 7... b4 8. Nb1 $146 ({Predecessor:} 8. Nce2 Nf6 9. f3 e5 10. Nb3 d5 11. exd5 Nxd5 12. Bf2 Nd7 13. O-O Be7 14. c4 bxc3 15. Nxc3 Nxc3 16. bxc3 {½-½ (41) Nayak,R (2084)-Fominyh,A (2405) Ahmedabad 2018}) 8... Nf6 9. Nd2 {The position is equal.} Nc6 10. Nxc6 Bxc6 11. Qe2 Qc7 12. Bd4 a5 13. O-O $36 {[%mdl 2048] Black is under pressure.} Be7 14. f4 O-O 15. e5 Nd5 {[#]} (15... Ne8 $1 $14) 16. f5 $1 $16 {[%cal Rf5f6] Threatens to win with f6.} exf5 17. Rxf5 {Hoping for Qh5.} Rae8 $2 {[%mdl 8192] Precision: White = 55%, Black = 31%.} (17... Bb7 $16) *

[Event "22nd OIBM 2018"]
[Site "Gmund am Tegernsee"]
[Date "2018.10.27"]
[Round "1"]
[White "Rietze, Clemens"]
[Black "Holgert, Michael"]
[Result "*"]
[WhiteElo "2293"]
[BlackElo "2076"]
[Annotator "TA"]
[PlyCount "40"]
[EventDate "2018.10.27"]
[EventType "swiss"]
[EventCountry "GER"]
[SourceTitle "playchess.com"]
[Source "ChessBase"]
[SourceQuality "1"]

{[%evp 14,40,93,85,91,56,83,48,49,53,76,55,59,63,62,47,61,59,63,64,68,35,91,45,40,39,85,78,78]} 1. d4 d6 2. e4 Nf6 3. f3 Nbd7 4. c4 e5 5. d5 Be7 6. Be3 {B07: Pirc-Ufimzew-Verteidigung} c5 7. Nc3 O-O 8. Qd2 {LiveBook: 8 Partien} Nh5 9. Bd3 h6 $146 ({Vorgänger:} 9... g6 10. Nge2 a6 11. g3 Ndf6 12. a4 b6 13. Ra3 Rb8 14. Nd1 Ng7 {1-0 (38) Graf,A (2575)-Saltaev,M (2485) Chania 1994}) 10. Nh3 Nb6 11. Nf2 Bg5 12. O-O-O Bxe3 13. Qxe3 Nf4 14. Bf1 $1 Qg5 {[#] Weiss muss nun ...Se2+! beachten.} 15. Re1 Ng6 16. g3 Bd7 17. Rg1 f6 (17... Rfb8 $14) 18. h4 Qxe3+ 19. Rxe3 Kf7 20. h5 Nh8 {Precision: Weiß = 40%, Schwarz = 50%.} *

[Event "22nd OIBM 2018"]
[Site "Gmund am Tegernsee"]
[Date "2018.10.27"]
[Round "1"]
[White "Imnadze, Nato"]
[Black "Billio, Atto"]
[Result "1/2-1/2"]
[WhiteElo "2291"]
[BlackElo "2074"]
[Annotator "TA"]
[PlyCount "133"]
[EventDate "2018.10.27"]
[EventType "swiss"]
[EventCountry "GER"]
[SourceTitle "playchess.com"]
[Source "ChessBase"]
[SourceQuality "1"]

{[%evp 17,133,-7,-10,-15,2,-6,-8,-20,-18,-24,-16,-21,1,-16,-4,-24,-13,-6,0,-45,-27,-24,20,-16,-27,-87,-94,-170,-168,-176,-181,-263,-274,-246,-233,-376,-350,-358,-314,-336,-306,-378,-408,-450,-438,-414,-256,-568,-327,-284,-81,-76,-76,-89,-79,-88,-65,-64,-63,-62,-74,-81,-80,-80,-81,-102,-102,-102,-107,-138,-108,-108,-108,-91,-91,-165,-91,-91,-83,-118,-63,-67,-129,-108,-118,-112,-111,-115,-108,-108,-109,-102,-97,-112,-29,-29,-35,-29,-36,-49,0,0,0,0,0,0,0,0,0,0,0,0,0,0,0,0,0,0]} 1. e4 c5 2. Nc3 e6 3. g3 Nc6 4. Bg2 g6 5. d3 Bg7 6. Be3 Nd4 7. Nge2 Ne7 8. O-O O-O 9. Qd2 Rb8 {LiveBook: 8 Games} 10. a4 {B24: Closed Sicilian: 3 g3 sidelines} a6 11. Rab1 (11. f4 d5 12. Bf2 Nxe2+ 13. Qxe2 d4 14. Nb1 {½-½ (33) Marholev,D (2449)-Georgiev,V (2523) Bagnara Calabra 2009}) 11... Nec6 12. f4 d6 $146 ({Predecessor:} 12... b5 13. axb5 axb5 14. e5 b4 15. Ne4 f6 16. exf6 Bxf6 17. Nxc5 d5 {0-1 (32) Mohan,R (2016)-Liang,Z (2232) Singapore 2006}) 13. Nd1 Nxe2+ 14. Qxe2 Qa5 15. b3 f5 16. c3 Bd7 17. Re1 Rfe8 18. Qf2 b5 19. axb5 Rxb5 20. e5 dxe5 21. c4 (21. Bxc5 $11 exf4 22. d4) 21... Rbb8 $17 22. Bd2 (22. Bxc5 $17 exf4 23. gxf4) 22... Qb6 23. Bxc6 Bxc6 24. fxe5 (24. Bc3 $142) 24... Ba8 $19 25. Bf4 Red8 26. Re3 (26. Qf1 {was necessary.}) 26... h6 27. h4 a5 {[%cal Ba6a5,Ba5a4,Ba4b3,Bb3b2][%mdl 32]} 28. Nc3 Qb7 {[%csl Ga8][%cal Rb7h1]} 29. Qd2 {[#]} a4 $1 {[%mdl 512]} 30. Kh2 (30. bxa4 Qh1+) 30... axb3 31. Nb5 b2 32. Re2 $2 (32. Qxb2 {is more resistant.} Qe7 33. Qe2) 32... Kh7 33. Qe3 Qf3 $2 (33... Qc6 $19 34. Rexb2 g5 $1 {[%mdl 512]} 35. hxg5 hxg5 36. Bxg5 Kg6) 34. Qxf3 $17 Bxf3 35. Re3 Bc6 36. Rxb2 Bf8 37. Ra2 Bxb5 38. cxb5 Rxb5 39. Ra7+ Kg8 40. Rc7 Rb3 41. Rc6 Kf7 ({Reject} 41... Rdxd3 $6 42. Rxd3 Rxd3 43. Rxe6 $11) ({But not} 41... Rbxd3 $6 42. Rxe6 Rxe3 43. Bxe3 $11) 42. Rc7+ Ke8 43. Re2 Rbxd3 44. Rb2 {White wants to play Rb6.} R3d7 45. Rc6 Kf7 46. Rbb6 (46. Be3 $17) 46... Re8 ({Black should play} 46... Ra7 $19 {( -> ...Ra2+)} 47. Kh3 (47. Rxe6 $2 Ra2+ 48. Kh3 Rd1 $19) 47... Rd1) 47. Kg2 Rd5 48. Kf3 {[#]} Bg7 (48... g5 $1 $17 49. hxg5 hxg5 50. Bxg5 Rxe5 51. Rb7+ Kg6) 49. Rb7+ $15 Re7 (49... Kg8 $15) 50. Rxe7+ Kxe7 $17 {[%mdl 4096] Endgame KRB-KRB} 51. Rc7+ {[#]} Kf8 $1 52. Rc8+ Kf7 53. Rc7+ Kg8 54. Rc8+ Kh7 55. Rc7 {[#]} g5 $1 56. hxg5 $11 hxg5 57. Bxg5 Kg6 58. Be3 $1 Bxe5 (58... Rxe5 {looks sharper.} 59. Rxc5 Re4 60. Rc6 Kf7 61. Rc7+ Kf6) 59. Rxc5 {The position is equal.} Rxc5 60. Bxc5 $15 {KB-KB} Kh5 61. Bf2 Bc7 {Strongly threatening ...e5.} 62. Be1 $1 e5 {White must now prevent ...e4+.} 63. g4+ $1 fxg4+ 64. Ke4 Kg5 {Hoping for ...Kh5.} 65. Bg3 $1 Kf6 {And now ...Kg5 would win.} 66. Bh4+ Ke6 {...Ba5 is the strong threat.} (66... Kg7 $5) 67. Bg3 {Precision: White = 44%, Black = 52%.} 1/2-1/2

[Event "22nd OIBM 2018"]
[Site "Gmund am Tegernsee"]
[Date "2018.10.27"]
[Round "1"]
[White "Bussard, Christian"]
[Black "Braun, Michael"]
[Result "1/2-1/2"]
[WhiteElo "2283"]
[BlackElo "2365"]
[Annotator "NA"]
[PlyCount "48"]
[EventDate "2018.10.27"]
[EventType "swiss"]
[EventCountry "GER"]
[SourceTitle "playchess.com"]
[Source "ChessBase"]
[SourceQuality "1"]
[TimeControl "40/5400+30:1800+30"]

1. d4 d5 2. Bf4 Nf6 3. e3 c5 4. c3 e6 5. Nd2 Nc6 6. Ngf3 Bd6 7. Bg3 O-O 8. Bd3 b6 9. Ne5 Bb7 10. f4 {[%emt 0:04:08]} Ne7 {[%emt 0:03:19]} 11. Bh4 {[%emt 0:03:21]} Ne4 {[%emt 0:07:26]} 12. Nxe4 {[%emt 0:04:23]} dxe4 {[%emt 0:00:04]} 13. Bxe7 {[%emt 0:02:04]} Qxe7 {[%emt 0:01:02]} 14. Be2 {[%emt 0:00:06]} cxd4 {[%emt 0:01:06]} 15. cxd4 {[%emt 0:00:06]} Bxe5 {[%emt 0:08:05]} 16. fxe5 {[%emt 0:01:20]} Qg5 {[%emt 0:10:39]} 17. Qd2 {[%emt 0:00:03]} Qxg2 {[%emt 0:00:32]} 18. O-O-O {[%emt 0:00:04]} Rac8+ {[%emt 0:00:17]} 19. Kb1 {[%emt 0:00:08]} Rc7 {[%emt 0:02:30]} 20. h4 {[%emt 0:05:08]} Rfc8 {[%emt 0:03:06]} 21. Rdg1 {[%emt 0:02:46]} Qf2 {[%emt 0:00:32]} 22. Rf1 {[%emt 0:00:05]} Qg2 {[%emt 0:00:22]} 23. Rfg1 {[%emt 0:12:55]} Qf2 {[%emt 0:00:12]} 24. Rf1 {[%emt 0:01:46]} Qg2 {[%emt 0:00:20]} 1/2-1/2